Detalles MARC
| 000 -LEADER |
| fixed length control field |
01524nam a2200337 a 4500 |
| 001 - CONTROL NUMBER |
| control field |
0000326 |
| 003 - CONTROL NUMBER IDENTIFIER |
| control field |
DO-SdBNP |
| 005 - DATE AND TIME OF LATEST TRANSACTION |
| control field |
20160421141013.0 |
| 007 - PHYSICAL DESCRIPTION FIXED FIELD--GENERAL INFORMATION |
| fixed length control field |
0000326 |
| 008 - FIXED-LENGTH DATA ELEMENTS--GENERAL INFORMATION |
| fixed length control field |
150130s1998 dr abc 000 0 spa d |
| 020 ## - INTERNATIONAL STANDARD BOOK NUMBER |
| International Standard Book Number |
8482610783 |
| 040 ## - CATALOGING SOURCE |
| Original cataloging agency |
BPMSU |
| Language of cataloging |
spa |
| Transcribing agency |
BPMSU |
| 092 ## - LOCALLY ASSIGNED DEWEY CALL NUMBER (OCLC) |
| Classification number |
372.257 |
| Item number |
R696c, 1ro. 1998 |
| 100 1# - MAIN ENTRY--PERSONAL NAME |
| Personal name |
Rodríguez Matos, A. Josefina |
| 245 10 - TITLE STATEMENT |
| Title |
Ciencias de la naturaleza 1 : |
| Remainder of title |
educación básica / |
| Statement of responsibility, etc. |
A. Josefina Rodríguez Matos, Claudia Llibre de Vargas ; dirección editorial Obdulia García de Escobar ; Ilustraciónes Ruddy Núñez, Frank Suárez |
| 260 ## - PUBLICATION, DISTRIBUTION, ETC. (IMPRINT) |
| Place of publication, distribution, etc. |
Santo Domingo : |
| Name of publisher, distributor, etc. |
Santillana, |
| Date of publication, distribution, etc. |
1998. |
| 300 ## - PHYSICAL DESCRIPTION |
| Extent |
111 p. : |
| Other physical details |
il. ; |
| Dimensions |
28 cm. |
| 505 1# - FORMATTED CONTENTS NOTE |
| Title |
Nuestro cuerpo -- |
| -- |
El cuidado de nuestro cuerpo -- |
| -- |
Los sentidos -- |
| -- |
El cuidado de los sentidos -- |
| -- |
Olores y sabores -- |
| -- |
Temperatura y texturas -- |
| -- |
Formas y tamaños -- |
| -- |
La luz y el color -- |
| -- |
El sonido -- |
| -- |
La nutrición -- |
| -- |
La naturaleza y su variedad -- |
| -- |
Las plantas -- |
| -- |
Los animales -- |
| -- |
El medio ambiente -- |
| -- |
La seguridad -- |
| 650 ## - SUBJECT ADDED ENTRY--TOPICAL TERM |
| Topical term or geographic name as entry element |
CIENCIAS NATURALES |
| General subdivision |
ENSEÑANZA BÁSICA |
| 650 ## - SUBJECT ADDED ENTRY--TOPICAL TERM |
| Topical term or geographic name as entry element |
CIENCIAS NATURALES |
| General subdivision |
EDUCACIÓN PRIMARIA |
| 650 ## - SUBJECT ADDED ENTRY--TOPICAL TERM |
| Topical term or geographic name as entry element |
EDUCACIÓN PRIMARIA |
| General subdivision |
REPÚBLICA DOMINICANA |
| 650 ## - SUBJECT ADDED ENTRY--TOPICAL TERM |
| Topical term or geographic name as entry element |
CIENCIAS NATURALES |
| General subdivision |
LIBROS DE TEXTO |
| 650 ## - SUBJECT ADDED ENTRY--TOPICAL TERM |
| Topical term or geographic name as entry element |
CIENCIAS NATURALES |
| General subdivision |
ESTUDIOS Y EJERCICIOS |
| 700 1# - ADDED ENTRY--PERSONAL NAME |
| Personal name |
Llibre de Vargas, Claudia |
| 700 1# - ADDED ENTRY--PERSONAL NAME |
| Personal name |
García de Escobar, Obdulia |
| Relator term |
dir. ed. |
| 700 1# - ADDED ENTRY--PERSONAL NAME |
| Personal name |
Núñez, Ruddy |
| Relator term |
il. |
| 700 1# - ADDED ENTRY--PERSONAL NAME |
| Personal name |
Suárez, Frank |
| Relator term |
il. |
| 910 ## - USER-OPTION DATA (OCLC) |
| User-option data |
00144 |
| 942 ## - ADDED ENTRY ELEMENTS (KOHA) |
| Source of classification or shelving scheme |
Dewey Decimal Classification |
| Koha item type |
Libros |
| 956 ## - LOCAL ELECTRONIC LOCATION AND ACCESS (OCLC) |
| Host name |
YLOCKWARD |
| Access number |
10 |